| 000 | 00000nam##2200000za#4500 |
| 001 | 9.605453 |
| 003 | CaOODSP |
| 005 | 20221104105553 |
| 007 | cr ||||||||||| |
| 008 | 150406|1999||||xxc|||||o f|0| 0 fre|d |
| 040 | |aCaOODSP|bfre |
| 043 | |an-cn--- |
| 086 | 1 |aR61-2/8-11F-PDF |
| 110 | 2 |aParcs Canada. |
| 245 | 10|aImpacts du pétrole sur les ressources marines d'eaux froides : |h[ressource électronique]|bune revue pertinente du mandat, en pleine évolution, de Parcs Canada en matière de vie marine / |cpar N. A. Sloan. |
| 260 | |aOttawa - Ontario : |bParcs Canada |
| 300 | |a81p.|bréférences, tableaux |
| 490 | 1 |aPublication hors série|vN° 11, 1999 |
| 500 | |aLe n° de catalogue (R61-2/8-11F) et l'ISBN (0-662-84706-7) de l'édition imprimée ont été incorrectement copiés dans l'édition électronique. |
| 590 | |a13-06-Supp|b2013-03-19 |
| 775 | 08|tOil impacts of cold-water marine resources : |w(CaOODSP)9.576152 |
| 776 | 0#|tImpacts du pétrole sur les ressources marines d'eaux froides : |w(CaOODSP)9.625321 |
| 830 | #0|aPublication hors série ;|vN° 11, 1999|w(CaOODSP)9.503504 |
| 856 | 40|ahttp://publications.gc.ca|qPDF|s650 Ko|uhttps://publications.gc.ca/collections/Collection/R61-2-8-11F.pdf|yN° 11, 1999 |